00726nam a2200205Ia 4500003000200000005001700002008004100019050002800060100002000088245004900108260008900157300002800246500004100274504004100315650002300356650002100379650004500400650003900445650003600484020250129094459.0190909s9999 xx 000 0 und d aPGS HF 5415b.H995 2019 aHyeon, Koo Bon. aGender and spending habits /cKoo Bon Hyeon. aLas Piñas City, Philippines:bSouthville International School and Colleges,c2017. a25 p. :bill. ;c28 cm. aIncludes bibliographical references. aIncludes bibliographical references. aConsumer behavior. aSpending habits. aGender differences in consumer behavior. aEconomic behaviorvGender aspects. aFinancevPsychological aspects.